| 000 | 01328cam a22003497a 4500 | ||
|---|---|---|---|
| 003 | CHAP | ||
| 005 | 20220329142511.0 | ||
| 008 | 010730d2001 mx ad r 00110 spa d | ||
| 010 | _a84369 | ||
| 011 | _a85341 | ||
| 035 | _a95874 | ||
| 040 | _cCHAP | ||
| 090 | _aTesis | ||
| 100 | 0 | 0 |
_aGonzález Coutiño, Juan Carlos. _948815 |
| 245 | 1 | 3 |
_aEl virus de la tristeza de los citricos: _bsituación en México y estrategias para su manejo _c/por Juan Carlos González Coutiño |
| 260 |
_aChapingo, Méx. : _bEl autor, _c2001. |
||
| 300 |
_a86 h. : _bilus. ; tablas ; cuadros ; diagramas |
||
| 502 | _aTesis (M.C. en Protección Vegetal) -- UACH. Departamento de Parasitología Agrícola | ||
| 590 |
_aALEPH _b10 _c20130110 _lUCH01 _h1443 |
||
| 590 |
_aBATCH-UPD _b10 _c20130110 _lUCH01 _h1916 |
||
| 590 |
_aBATCH-UPD _b10 _c20130410 _lUCH01 _h1242 |
||
| 590 |
_aBATCH-UPD _b10 _c20130914 _lUCH01 _h0959 |
||
| 590 |
_aCONVERSION _b10 _c20130109 _lUCH01 _h1347 |
||
| 650 | 1 | 4 |
_aCítricos _xEnfermedades por virus. _924427 |
| 650 | 1 | 4 |
_aCítricos _xMéxico. _924454 |
| 650 | 1 | 4 |
_aTristeza de los cítricos. _9115187 |
| 901 | _aBK | ||
| 905 | _aMarco A. Mendoza T. | ||
| 942 | _cFOLL | ||
| 949 |
_aTesis _bBC _cTES _d33724000838603 _eTS2 _fc.2 _gDonaciØn _h38363 _i95874 _si |
||
| 949 |
_aTesis _bBC _cTES _d958741 _eTS1 _gDonaciØn _h38362 _i95874 _sb |
||
| 999 |
_c84369 _d84369 |
||